Albie and the big race (Record no. 268)

MARC details
000 -LEADER
fixed length control field 01093nam a22002417a 4500
001 - CONTROL NUMBER
control field 268
003 - CONTROL NUMBER IDENTIFIER
control field FISKH
005 - DATE AND TIME OF LATEST TRANSACTION
control field 20250818105052.0
008 - FIXED-LENGTH DATA ELEMENTS--GENERAL INFORMATION
fixed length control field 230313b cb ||||| |||| 00| 0 eng d
020 ## - INTERNATIONAL STANDARD BOOK NUMBER
International Standard Book Number 9780007865215
040 ## - CATALOGING SOURCE
Original cataloging agency FISKH
Language of cataloging eng
Transcribing agency FISKH
050 ## - LIBRARY OF CONGRESS CALL NUMBER
Classification number PZ7
082 ## - DEWEY DECIMAL CLASSIFICATION NUMBER
Classification number 823.92
100 ## - MAIN ENTRY--PERSONAL NAME
Personal name Cutbill, Andy
245 ## - TITLE STATEMENT
Title Albie and the big race
Remainder of title A small boy in a weird, wild world!
Statement of responsibility, etc. by Andy Cutbill
260 ## - PUBLICATION, DISTRIBUTION, ETC.
Place of publication, distribution, etc. Thailand
Name of publisher, distributor, etc. HarperCollins
Date of publication, distribution, etc. 2010
300 ## - PHYSICAL DESCRIPTION
Extent 16 leaves of plates
Dimensions 18 cm.
505 ## - FORMATTED CONTENTS NOTE
Formatted contents note F
520 ## - SUMMARY, ETC.
Summary, etc. Meet Albie - a small boy in a weird, wild world. Albie is a six year old boy whose imagination turns his surroundings into wild fantasy and he sees peculiar creatures everywhere. Why does no one else notice them? It's a mystery to Albie. It seems like just another ordinary afternoon to Albie until he finds... penguins on a hostess trolley, zebras inside a grandfather clock and an elephant on a unicycle. Get your skates on, Albie! It's the Annual Smokin' Wheels Speed Convention!
521 8# - TARGET AUDIENCE NOTE
Target audience note 400 <br/>
Source Lexile
521 8# - TARGET AUDIENCE NOTE
Target audience note F <br/>
Source Raz-Plus
942 ## - ADDED ENTRY ELEMENTS (KOHA)
Source of classification or shelving scheme Dewey Decimal Classification
Koha item type Books
Suppress in OPAC No
Holdings
Withdrawn status Lost status Source of classification or shelving scheme Damaged status Not for loan Collection Home library Current library Shelving location Date acquired Total Checkouts Full call number Barcode Date last seen Date last checked out Copy number Price effective from Koha item type
    Dewey Decimal Classification     Juvenile Fiction Footprints International School Library Network Toul Kork Campus Footprints International School Library Network Toul Kork Campus TK Primary Library Room(4th Floor), Bookcase 1&2, Shelves 1-16, Dark Blue Books 03/13/2023 1 CUT 823.92 PZ7 2023-0011 04/22/2026 04/08/2026 1 03/13/2023 Books